Statistics for 2nd Google Suggestions: Is European Country …

Click here to take the quiz!

General Stats

  • This quiz has been taken 8 times
  • The average score is 19 of 44

Answer Stats

Is countrySuggestion% Correct
Lithuaniaa country
75%
Czechiaa country
75%
Moldovaa country
75%
Serbiaa country
75%
Slovakiaa country
75%
Denmarka country
75%
Germanya country
75%
Belarusa country
75%
Croatiain europe
63%
Icelandin europe
63%
Maltain europe
63%
Polandin europe
63%
Romaniain europe
63%
Bulgariain europe
63%
San Marinoin europe
63%
Hungaryin europe
63%
Greecein the eu
50%
North Macedoniain the eu
50%
Belgiumin the eu
50%
Kosovoin the eu
50%
Portugalin the eu
50%
Andorrain the eu
50%
Luxembourgin the eu
50%
Bosnia and Herzegovinain the eu
50%
Austriain the eu
50%
Monacoin france
38%
Sloveniasafe
38%
Albaniasafe
38%
Montenegrosafe
38%
Latviasafe
38%
Norwaysocialist
38%
Finlandsocialist
38%
Liechtensteinpart of the eu
25%
Estoniapart of the eu
25%
Switzerlandpart of the eu
25%
the United Kingdoma continent
13%
Ukrainein russia
13%
Vatican Citythe smallest country in the world
13%
Italybigger than the uk
0%
Spainbigger than the uk
0%
the Netherlandsholland
0%
Irelandin lockdown
0%
Francein lockdown
0%
Swedenon lockdown
0%

Score Distribution

Percentile by Number Answered

Percent of People with Each Score

Your Score History

You have not taken this quiz